000 00585nam a2200181 4500
999 _c191251
_d191251
005 20220823164935.0
010 _aENG-134567
020 _c850.00
_a9789389211931
035 _aEN-118099
037 _bDBAD/PUB
082 _a005.24
100 _aThareja, Reema
245 _a Universities Press Informatics Practices for CBSE Class XII/
_cReema Thareja
260 _aHyderabad
_bUniversities Press (India) Pvt. Ltd.
_c2022
270 _a3-6-747/A & 3-6-754/1, Himayatnagar
_bHyderabad
_e500029
300 _axiv,212p.
_c25cm(pbk)
942 _2ddc
_cEN
_h005.24
_mTHA